000
00277nam a2200097Ia 4500
005
20250424112847.0
008
250424s9999 xx 000 0 und d
300
_a
v. , 272 p. : ill. ; 25 cm.
650
_a
Finance--Periodicals. Financial institutions--Periodicals.
942
_c
SR
999
_c
37551
_d
37551